Taylor Swift Songs by Last Line - Statistics

General Stats
  • This quiz has been taken 101 times
  • The average score is 13 of 22
Answer Stats
Last Line Answer % Correct
I can still make the whole place shimmer Bejeweled
96%
For the hope of it all august
92%
Combat, I'm ready for combat The Archer
91%
The best people in life are free New Romantics
80%
Whose laugh I could recognize anywhere New Year's Day
78%
You left me no choice but to stay here forever Right Where You Left Me
71%
Take a deep breath as you walk through the doors Fifteen
70%
Drew looks at me, I fake a smile so he won't see Teardrops on My Guitar
70%
My heart won't start anymore You're Losing Me
67%
And all at once King of My Heart
66%
They say, "I don't know" Death by a Thousand Cuts
61%
I can see it now Mine
61%
It always leads to you in my hometown 'tis the damn season
59%
Oh, I'm just a girl A Place in this World
57%
If I'm not dancing with you Holy Ground
50%
What should've been you Bigger Than the Whole Sky
46%
Until you come back home I Don't Wanna Live Forever
46%
But you won't, but you won't, but you won't Say Don't Go
46%
Take me away to you, to you The Very First Night
33%
No, he just wasn't the one Foolish One
26%
You said you'd never go away Mr. Perfectly Fine
22%
Tonight mirrorball
12%
No matching quizzes found
Score Distribution
Percent of People with Each Score
Percentile by Number Answered
Your Score History
You have not taken this quiz